Statistics for UEFA Euro 1984 Results

Click here to take the quiz!

General Stats

  • This quiz has been taken 21 times
  • The average score is 8 of 8

Answer Stats

Answer % Correct
France
100%
Spain
100%
Belgium
94%
Portugal
94%
Romania
94%
West Germany
94%
Denmark
89%
Yugoslavia
89%

Score Distribution

Percentile by Number Answered

Percent of People with Each Score

Your Score History

You have not taken this quiz